Countries of the world by surface area - Statistics

General Stats
  • This quiz has been taken 6 times
  • The average score is 77 of 195
Answer Stats
Hint Answer % Correct
2 Canada
83%
1 Russia
83%
3 Usa
83%
8 Argentina
67%
6 Australia
67%
5 Brazil
67%
102 Bulgaria
67%
4 China
67%
63 Finland
67%
7 India
67%
9 Kazakhstan
67%
120 Lithuania
67%
13 Mexico
67%
66 Norway
67%
115 Panama
67%
18 Peru
67%
79 Romania
67%
35 Turkey
67%
39 Afghanistan
50%
140 Albania
50%
112 Austria
50%
111 Azerbaijan
50%
155 Bahamas
50%
171 Bahrain
50%
92 Bangladesh
50%
83 Belarus
50%
136 Belgium
50%
131 Bhutan
50%
163 Brunei
50%
42 Central African Republic
50%
36 Chile
50%
103 Cuba
50%
162 Cyprus
50%
11 Democratic Republic of the Congo
50%
129 Denmark
50%
127 Dominican Republic
50%
28 Egypt
50%
128 Estonia
50%
151 Fiji
50%
40 France
50%
61 Germany
50%
94 Greece
50%
143 Haiti
50%
105 Iceland
50%
14 Indonesia
50%
57 Iraq
50%
117 Ireland
50%
148 Israel
50%
70 Italy
50%
67 Ivory Coast
50%
160 Jamaica
50%
60 Japan
50%
84 Kyrgyzstan
50%
121 Latvia
50%
167 Luxemburg/Luxembourg
50%
65 Malaysia
50%
194 Monaco
50%
91 Nepal
50%
132 Netherlands
50%
73 New Zeeland
50%
96 North Korea
50%
69 Oman
50%
34 Pakistan
50%
53 Papua New Guinea
50%
58 Paraguay
50%
68 Poland
50%
108 Portugal
50%
158 Qatar
50%
191 San Marino
50%
12 Saudi Arabia
50%
175 Singapore
50%
126 Slovakia
50%
106 South Korea
50%
50 Spain
50%
15 Sudan
50%
54 Sweden
50%
51 Turkmenistan
50%
47 Ukraine
50%
113 United Arab Emirates
50%
77 United Kingdom
50%
88 Uruguay
50%
195 Vatican
50%
48 Yemen
50%
10 Algeria
33%
178 Andorra
33%
21 Angola
33%
182 Antigua and Barbuda
33%
138 Armenia
33%
183 Barbados
33%
147 Belize
33%
99 Benin
33%
142 Burundi
33%
87 Cambodia
33%
165 Cape Verde
33%
19 Chad
33%
24 Colombia
33%
125 Costa Rica
33%
114 Czech Republic
33%
146 Djibouti
33%
172 Dominica
33%
154 East Timor
33%
75 Ecuador
33%
149 El Salvador
33%
153 Eswatini
33%
25 Ethiopia
33%
176 Federated States of Micronesia
33%
118 Georgia
33%
78 Ghana
33%
185 Grenada
33%
104 Guatemala
33%
82 Guyana
33%
100 Honduras
33%
107 Hungary
33%
109 Jordan
33%
46 Kenya
33%
152 Kuwait
33%
81 Laos
33%
161 Lebanon
33%
137 Lesotho
33%
101 Liberia
33%
16 Libya
33%
190 Liechtenstein
33%
44 Madagascar
33%
97 Malawi
33%
187 Maldives
33%
22 Mali
33%
186 Malta
33%
189 Marshall Islands
33%
135 Moldova
33%
17 Mongolia
33%
156 Montenegro
33%
56 Morocco
33%
33 Mozambique
33%
38 Myanmar
33%
32 Namibia
33%
193 Nauru
33%
95 Nicaragua
33%
20 Niger
33%
30 Nigeria
33%
144 Rwanda
33%
188 Saint Kitts and Nevis
33%
177 Saint Lucia
33%
184 Saint Vincent and the Grenadines
33%
85 Senegal
33%
110 Serbia
33%
180 Seychelles
33%
150 Slovenia
33%
139 Solomon Islands
33%
41 Somalia
33%
23 South Africa
33%
43 South Sudan
33%
119 Sri Lanka
33%
89 Suriname
33%
130 Switzerland
33%
86 Syria
33%
133 Taiwan
33%
49 Thailand
33%
122 Togo
33%
173 Tonga
33%
192 Tuvalu
33%
80 Uganda
33%
55 Uzbekistan
33%
157 Vanuatu
33%
31 Venezuela
33%
64 Vietnam
33%
37 Zambia
33%
26 Bolivia
17%
45 Botswana
17%
72 Burkina Faso
17%
52 Cameroon
17%
62 Congo
17%
123 Croatia
17%
141 Equatorial Guinea
17%
98 Eritrea
17%
74 Gabon
17%
159 Gambia
17%
76 Guinea
17%
174 Kiribati
17%
27 Mauritania
17%
169 Mauritius
17%
145 North Macedonia
17%
179 Palau
17%
71 Phillippines
17%
166 Samoa
17%
170 Sao Tome and Principe
17%
116 Sierra Leone
17%
29 Tanzania
17%
164 Trinidad and Tobago
17%
90 Tunisia
17%
59 Zimbabwe
17%
124 Bosnia and Hertegovina
0%
168 Comore
0%
181 Curacao
0%
134 Guinea Bissau
0%
93 Tajikstan
0%
No matching quizzes found
Score Distribution
Percent of People with Each Score
Percentile by Number Answered
Your Score History
You have not taken this quiz